Every Class 2 Alabama Senator - Statistics

General Stats
  • This quiz has been taken 27 times
  • The average score is 7 of 19
Answer Stats
Picture Hint Answer % Correct
R(1997-2017) Jeff Sessions
100%
R(2021-) Tommy Tuberville
100%
D(2018-2021) Doug Jones
75%
R(2017-2018) Luther Strange
75%
D(1848-1849) Benjamin Fitzpatrick
25%
D(1920-1920) Braxton B. Comer
25%
D(1853-1861) Clement Claiborne Clay Jr.
25%
D(1844-1848) Dixon H. Lewis
25%
D(1872-1877) George Goldthwaite
25%
D(1946-1946) George R. Swift
25%
D(1979-1997) Howell T. Heflin
25%
D(1849-1853) Jeremiah Clemens
25%
D(1907-1920) John H. Bankhead
25%
D(1931-1946) John H. Bankhead II
25%
D(1946-1979) John J. Sparkman
25%
D(1877-1907) John T. Morgan
25%
R(1868-1872) Willard Warner
25%
D(1819-1844) William R. King
25%
D(1920-1931) J. Thomas Heflin
0%
No matching quizzes found
Score Distribution
Percent of People with Each Score
Percentile by Number Answered
Your Score History
You have not taken this quiz